|
|
|
|
| LEADER |
00000nam a2200000 4500 |
| 001 |
vtls012072285 |
| 003 |
SK-MaSNL |
| 005 |
20260301191136.0 |
| 008 |
211007s2021 xo odalfrn 000 0 slo |
| 015 |
|
|
|a SNBA2021/12
|
| 020 |
|
|
|a 9788055816647
|q (brožované)
|
| 040 |
|
|
|a SNK
|b slo
|c SNK
|e rda
|
| 041 |
0 |
|
|a slo
|
| 044 |
|
|
|a xo
|c SK
|
| 072 |
|
7 |
|a 53
|x Fyzika
|2 konspekt
|
| 080 |
|
|
|a 53.08
|2 2011
|
| 080 |
|
|
|a (048.8:082)
|2 2011
|
| 080 |
|
|
|a 331.4
|2 2011
|
| 080 |
|
|
|a 005.336.3
|2 2011
|
| 100 |
1 |
|
|a Depešová, Jana,
|d 1964-
|4 aut
|4 edt
|9 205013
|
| 245 |
1 |
0 |
|a Metodika práce s prístrojmi na meranie kvality prostredia
|c Jana Depešová a kolektív
|
| 264 |
|
1 |
|a Nitra
|b Pedagogická fakulta UKF v Nitre
|c 2021
|
| 300 |
|
|
|a 107 strán
|b fotografie, grafy, ilustrácie, tabuľky
|c 25 cm
|
| 336 |
|
|
|a text
|b txt
|2 rdacontent
|
| 337 |
|
|
|a bez média
|b n
|2 rdamedia
|
| 338 |
|
|
|a zväzok
|b nc
|2 rdacarrier
|
| 366 |
|
|
|e 100 kusov
|
| 504 |
|
|
|a Obsahuje bibliografie
|
| 650 |
0 |
7 |
|a meranie
|2 SNKPH
|9 884
|
| 650 |
0 |
7 |
|a Measurement
|2 SNKPHeng
|9 291787
|
| 650 |
0 |
7 |
|a meracie prístroje
|2 SNKPH
|9 883
|
| 650 |
0 |
7 |
|a Measuring instruments
|2 SNKPHeng
|9 326321
|
| 650 |
0 |
7 |
|a pracovné prostredie
|2 SNKPH
|9 1299
|
| 650 |
0 |
7 |
|a Work environment
|2 SNKPHeng
|9 308093
|
| 650 |
0 |
7 |
|a kvalita
|2 SNKPH
|9 1150
|
| 650 |
0 |
7 |
|a Quality
|2 SNKPHeng
|9 265507
|
| 655 |
|
7 |
|a kolektívne monografie
|2 SNKPH
|9 249850
|
| 655 |
|
7 |
|a Collective monographs
|2 SNKPHeng
|9 125747
|
| 700 |
1 |
|
|a Ažaltovičová, Michaela,
|d 1991-
|4 aut
|9 567331
|
| 700 |
1 |
|
|a Bánesz, Gabriel,
|d 1968-
|4 aut
|9 564196
|
| 700 |
1 |
|
|a Bilčíková, Jana,
|d 1978-
|4 aut
|9 368521
|
| 700 |
1 |
|
|a Lukáčová, Danka,
|d 1967-
|4 aut
|9 71882
|
| 700 |
1 |
|
|a Šebo, Miroslav,
|d 1977-
|4 aut
|9 535628
|
| 700 |
1 |
|
|a Širka, Ján
|4 aut
|9 7449
|
| 700 |
1 |
|
|a Tomková, Viera,
|d 1965-
|4 aut
|9 501850
|
| 700 |
1 |
|
|a Tureková, Ivana,
|d 1960-
|4 aut
|9 225744
|
| 710 |
2 |
|
|a Univerzita Konštantína Filozofa v Nitre.
|b Pedagogická fakulta.
|b Katedra techniky a informačných technológií
|4 pbl
|9 177482
|
| 919 |
|
|
|a 978-80-558-1664-7
|
| 958 |
|
|
|a NB
|
| 999 |
|
|
|c 870039
|d 871969
|
| 952 |
|
|
|a SNK
|b SNK
|y PREZ
|7 0
|p 17A1459628
|o snkSC 194607
|i snk2021/14809
|8 0
|0 0
|1 0
|4 0
|d 2021-10-07
|f 1
|l 0
|r 2025-10-14 00:00:00
|w 2026-02-24
|
| 952 |
|
|
|a SNK
|b SNK
|y VYP
|7 0
|p 17A1459629
|o snkSC 194607 D1
|i snk2021/14810
|8 0
|0 0
|1 0
|4 0
|d 2021-10-07
|l 0
|r 2026-02-24 05:39:33
|w 2026-02-24
|